Efecto del corte radical sobre la morfología, fenología y el rendimiento de girasol cultivado y Helianthus annuus silvestre /

Guardado en:
Autor Principal: Bertorello, Lautaro.
Autor Corporativo: Universidad Nacional del Sur. Departamento de Agronomía.
Otros Autores: Presotto, Alejandro, (tutor.)
Formato: Libro
Idioma:Spanish
Publicado: Bahía Blanca, 2013.
Etiquetas: Agregar Etiqueta
Sin Etiquetas, Sea el primero en etiquetar este registro!
LEADER 00736nam a22001575a 4500
001 EEA.libagro009271
005 20181029133443.0
008 131122s2013####ag#a##########000#0#spa#d
100 1 |a Bertorello, Lautaro. 
245 1 0 |a Efecto del corte radical sobre la morfología, fenología y el rendimiento de girasol cultivado y Helianthus annuus silvestre /  |c Lautaro Bertorello. 
260 |a Bahía Blanca,  |c 2013. 
300 |a 33 h. :  |b il. ;  |c 30 cm. 
500 |a Trabajo de intensificación (Ingeniero Agrónomo) -- Universidad Nacional del Sur. Departamento de Agronomía, 2013. 
700 1 |a Presotto, Alejandro,  |e tutor. 
710 2 |a Universidad Nacional del Sur.  |b Departamento de Agronomía. 
859 |a AR-BbBCA  |b BIB. AGRONOMIA  |h 633.85  |i B547  |p 2013/6310